|
|
|
|
| LEADER |
00000nam a22000007a 4500 |
| 005 |
20221013215159.0 |
| 007 |
cr|||| |||| |
| 008 |
221013s2021 co |||||s|||| 00||0 spa d |
| 020 |
|
|
|a 978-958-798-164-3
|
| 035 |
|
|
|a 37402
|
| 040 |
|
|
|a vLex
|
| 090 |
|
|
|c 14027
|d 14027
|
| 100 |
1 |
|
|a Gm̤ez Correal, Diana Marcela
|
| 245 |
1 |
0 |
|a Comisiones de la verdad y gňero en pas̕es del Sur Global
|h [Recurso electrn̤ico] :
|b miradas decoloniales, retrospectivas y prospectivas de la justicia transicional /
|c Diana Marcela Gm̤ez Correal, Angľica Fabiola Bernal Olarte, Juliana Gonzl̀ez Villamizar, Diana Mara̕ Montealegre Mongrovejo, Mara̕ Mn̤ica Manjarrš Ramr̕ez
|
| 256 |
|
|
|a Servicio en ln̕ea
|
| 260 |
|
|
|a Bogot:̀
|b Universidad de Los Andes (Colombia),
|c 2021
|
| 300 |
|
|
|a 1 recurso electrn̤ico
|
| 506 |
1 |
|
|a Disponible solo en los productos indicados
|d vLex Global
|d vLex Global (Academic Edition, excluding Law Schools)
|d vLex Global (U.S. Academic Edition, Law Schools)
|d vLex Global (U.S. Academic Edition, excluding Law Schools)
|d vLex Global (Academic Edition, Law Schools)
|
| 650 |
0 |
4 |
|a Derecho Constitucional
|z Colombia
|
| 700 |
1 |
|
|a Bernal Olarte, Angľica Fabiola
|
| 700 |
1 |
|
|a Gonzl̀ez Villamizar, Juliana
|
| 700 |
1 |
|
|a Montealegre Mongrovejo, Diana Mara̕
|
| 700 |
1 |
|
|a Manjarrš Ramr̕ez, Mara̕ Mn̤ica
|
| 740 |
0 |
|
|a vLex Libros (Servicio en ln̕ea)
|
| 856 |
4 |
0 |
|u https://app.vlex.com/#/sources/37402
|z Acceso restringido
|
| 942 |
|
|
|c BOOK
|
| 999 |
0 |
|
|a Constitutional right
|